Introducción a la sociología : Con aplicaciones a los países de habla hispana

Bibliographic Details
Main Authors: Gelles, Richard J., Levine, Ann
Format: Section = Libro
Language:Undetermined
Spanish
Published: México México 1999
Edition:5a.ed
Subjects:
LEADER 00746nam a2200253Ia 4500
008 240830s9999 xx 000 0 und d
020 |a 970-10-0811-1 
040 |a B-ESTELÍ- RUACS / 302 G318 
041 |a spa 
082 |a 302 G318 
100 1 |a Gelles, Richard J. 
100 1 |b  Levine, Ann 
245 1 0 |a Introducción a la sociología : Con aplicaciones a los países de habla hispana 
250 |a 5a.ed 
260 |a México  |b México  |c 1999 
300 |a 697p:il 
650 7 |a INTRODUCCION A LA SOCIOLOGIA 
650 7 |b  LA DINAMICA DE LA CONDUCTA SOCIAL 
650 7 |c  DESIGUALDAD SOCIAL 
650 7 |d  LAS INSTITUCIONES SOCIALES 
650 7 |e  LA FORMA CAMBIANTE DE LA SOCIEDAD. 
942 |c BK  |2 ddc 
991 |a TEXTO 
999 |c 10654